| 000 | 00854nam a2200241Ia 4500 | ||
|---|---|---|---|
| 005 | 20250425162130.0 | ||
| 008 | 250425s9999 xx 000 0 und d | ||
| 020 | _a848055147 | ||
| 041 | _aspa | ||
| 082 | _a574 | ||
| 100 | _aCULTURAL, S A | ||
| 245 | 0 | _aATLAS DE BIOLOGIA: LOS MECANISMOS DE LA VIDA | |
| 250 | _a1A ED. | ||
| 260 |
_aEspaƱa _bCULTURAL DE EDICIONES _c1996 |
||
| 260 | _aMADRID | ||
| 300 | _a112 | ||
| 500 | _aEN CIBGZ-FIMCP D-30578 OCT.29.03 PARA ING. AGROP. | ||
| 520 | _aLA BIOLOGIA SE OCUPA DEL ESTUDIO DE LA VIDA BAJO TODAS SUS FORMAS, DESDE LOS MINUSCULOS SERES INVISIBLES AL HOJO HUMANO, COMO LOS VIRUS, HASTA LOS ANIMALES SUPERIORES DOTADOS DE UNA COMPLEJA ORGANIZACION CUYO CERPO ESTA ANIMADO POR LA INTERACCION DE ORGAN | ||
| 650 | _aBIOLOGIA | ||
| 710 | _aCULTURAL EDICIONES | ||
| 942 | _c01 | ||
| 010 | _a51885 | ||
| 999 |
_c222956 _d222956 |
||